Plus longues fleuves du monde sur une carte - Statistiques

Statistiques générales
  • Ce quiz a été pris 1 002 fois
  • Le résultat moyen est 8 sur 15
Réponses sur la Carte
Les réponses sont colorées sur une échelle allant du rouge au vert en fonction du pourcentage des utilisateurs qui les ont devinées à leur premier essai. Vous pouvez retrouver ces pourcentages ci-dessous.
 
Statistiques - réponses
rivière % Correct
Nil
98%
Amazone
93%
Mississippi
89%
Congo
75%
Niger
67%
Mékong
59%
Amour
58%
Missouri
58%
Jaune
49%
Yang-Tsé
38%
Ob
37%
Léna
31%
Ienisseï
24%
Mackenzie
21%
Paraná
19%
Aucun quiz correspondant
Distribution des résultats
% des personnes avec chaque résultat
Percentile par nombre de réponses
Votre historique - résultats
Vous n’avez pas pris ce quiz